<?xml version="1.0" encoding="UTF-8"?>
<record
    xmlns:xsi="http://www.w3.org/2001/XMLSchema-instance"
    xsi:schemaLocation="http://www.loc.gov/MARC21/slim http://www.loc.gov/standards/marcxml/schema/MARC21slim.xsd"
    xmlns="http://www.loc.gov/MARC21/slim">

  <leader>00927cam a2200241   4500</leader>
  <controlfield tag="001">sa 68016552 </controlfield>
  <controlfield tag="003">DLC</controlfield>
  <controlfield tag="005">20260227112655.0</controlfield>
  <controlfield tag="008">700720s1964    ii            000 0 eng  </controlfield>
  <datafield tag="010" ind1=" " ind2=" ">
    <subfield code="a">sa 68016552 </subfield>
  </datafield>
  <datafield tag="025" ind1=" " ind2=" ">
    <subfield code="a">PL480:I-E-10224</subfield>
  </datafield>
  <datafield tag="040" ind1=" " ind2=" ">
    <subfield code="a">DLC</subfield>
    <subfield code="c">DLC</subfield>
    <subfield code="d">DLC</subfield>
    <subfield code="d">MoSU-L</subfield>
  </datafield>
  <datafield tag="050" ind1="0" ind2="0">
    <subfield code="a">DS479.1.R32</subfield>
    <subfield code="b">A65 1964</subfield>
  </datafield>
  <datafield tag="100" ind1="1" ind2=" ">
    <subfield code="a">Ambedkar, B. R.</subfield>
    <subfield code="q">(Bhimrao Ramji),</subfield>
    <subfield code="d">1891-1956.</subfield>
  </datafield>
  <datafield tag="245" ind1="1" ind2="0">
    <subfield code="a">Ranade, Gandhi, &amp; Jinnah;</subfield>
    <subfield code="b">address delivered on the 101st birthday celebration of Mahadev Govind Ranade, help [sic] on the 18th January 1943 in the Gokhale Memorial Hall, Poona,</subfield>
    <subfield code="c">by B. R. Ambedkar.</subfield>
  </datafield>
  <datafield tag="260" ind1=" " ind2=" ">
    <subfield code="a">Jullundur City, India,</subfield>
    <subfield code="b">Bheem Patrika Publications,</subfield>
    <subfield code="c">1964.</subfield>
  </datafield>
  <datafield tag="300" ind1=" " ind2=" ">
    <subfield code="a">iv, 64 p.</subfield>
    <subfield code="c">16 cm.</subfield>
  </datafield>
  <datafield tag="350" ind1=" " ind2=" ">
    <subfield code="a">2.00</subfield>
  </datafield>
  <datafield tag="600" ind1="1" ind2="0">
    <subfield code="a">Ranade, Mahadev Gov&#x12B;nd,</subfield>
    <subfield code="c">Rao Bahadur,</subfield>
    <subfield code="d">1842-1901.</subfield>
  </datafield>
  <datafield tag="600" ind1="1" ind2="0">
    <subfield code="a">Gandhi,</subfield>
    <subfield code="c">Mahatma,</subfield>
    <subfield code="d">1869-1948.</subfield>
  </datafield>
  <datafield tag="600" ind1="1" ind2="0">
    <subfield code="a">Jinnah, Mahomed Ali,</subfield>
    <subfield code="d">1876-1948.</subfield>
  </datafield>
  <datafield tag="740" ind1="0" ind2=" ">
    <subfield code="a">Ranade, Gandhi, and Jinnah.</subfield>
  </datafield>
  <datafield tag="999" ind1=" " ind2=" ">
    <subfield code="c">87170</subfield>
    <subfield code="d">87170</subfield>
  </datafield>
</record>
